Education at a glance 2011 OECD indicators

Salvato in:
Dettagli Bibliografici
Natura: Libro
Lingua:inglese
Pubblicazione: Paris OECD 2011
Soggetti:
Tags: Aggiungi Tag
Nessun Tag, puoi essere il primo ad aggiungerne!!

MARC

LEADER 00000nam a2200000 4500
001 0146552
005 20251201100730.9
020 |a 978-92-64-11420-3 
041 0 |a eng 
044 |a FR 
245 1 0 |a Education at a glance 2011  |b OECD indicators 
264 1 |a Paris  |b OECD  |c 2011 
300 |a 495 s. 
610 2 0 |a vzdelávanie 
610 2 0 |a výchova 
610 2 0 |a školstvo 
610 2 0 |a študenti 
610 2 0 |a zamestnanosť 
610 2 0 |a nezamestnanosť 
610 2 0 |a mzdy 
610 2 0 |a náklady na vzdelanie 
610 2 0 |a náklady práce 
610 2 0 |a zdroje finančné 
610 2 0 |a učitelia